Electromagnetic compatibility engineering (Record no. 325805)
[ view plain ]
| 000 -LEADER | |
|---|---|
| fixed length control field | 00358 a2200133 4500 |
| 001 - CONTROL NUMBER | |
| control field | 90732 |
| 082 ## - DEWEY DECIMAL CLASSIFICATION NUMBER | |
| Classification number | 621.38224 HEN |
| 090 ## - LOCALLY ASSIGNED LC-TYPE CALL NUMBER (OCLC); LOCAL CALL NUMBER (RLIN) | |
| -- | 42944 |
| -- | 42944 |
| 100 ## - MAIN ENTRY--PERSONAL NAME | |
| Personal name | Henry W. Ott |
| 245 ## - TITLE STATEMENT | |
| Title | Electromagnetic compatibility engineering |
| 260 ## - PUBLICATION, DISTRIBUTION, ETC. | |
| Place of publication, distribution, etc. | New Jersey |
| Name of publisher, distributor, etc. | Wiley |
| Date of publication, distribution, etc. | 2009 |
| 300 ## - PHYSICAL DESCRIPTION | |
| Extent | xxv, 843 p. |
| 740 ## - ADDED ENTRY--UNCONTROLLED RELATED/ANALYTICAL TITLE | |
| Uncontrolled related/analytical title | Electro magnetic |
| Medium | electronic circuits-noise |
| 942 ## - ADDED ENTRY ELEMENTS (KOHA) | |
| Institution code [OBSOLETE] | NUST-CAE |
| Call number prefix | 621.38224 HEN |
| Withdrawn status | Lost status | Damaged status | Not for loan | Collection code | Permanent Location | Current Location | Date acquired | Total Checkouts | Full call number | Barcode | Date last seen | Price effective from | Koha item type |
|---|---|---|---|---|---|---|---|---|---|---|---|---|---|
| College of Aeronautical Engineering (CAE) | College of Aeronautical Engineering (CAE) | 04/03/2017 | 621.38224 HEN | CAE87124 | 04/05/2017 | 04/05/2017 | Book |
